00931nam a2200241Ii 45000010005000000030009000050080041000140200015000550400033000700410008001030820013001111000025001242450048001492640059001973000012002563360026002683370028002943380027003229400050003499990017003999520133004169520140005497307CO-ViMGA241108s9999||||xx |||||||||||||| ||und|| a8475833667 aCO-ViMGAbspaerdacCO-ViMGA0 aunk04a930 E21e1 aMaitland Edey95604710aOrigenes del hombre :bEl eslabón perdido 1a[Lugar de publicación no identificado] : Folio, 1994 avolumen atextbtxt2rdacontent aunmediatedbn2rdamedia avolumebnc2rdacarrier aidficha_siabuc: 7136. -- ficha_no_siabuc:7307 c53814d53814 001040708001aMEVIGERRbMEVIGERRcGENd2006-11-27o930 E21epECA7172r2024-11-26 10:40:53tEj.1w2024-11-26yBKz7136 | 10023 001040708001aMEVIGERRbMEVIGERRcGENd2006-11-27hVol.1o930 E21epECA7171r2024-11-26 10:40:53tEj.1w2024-11-26yBKz7136 | 10022